000 00990cab a2200253 4500
001 X90955
008 090401t1998 xxu||||| |||| 00| 0 eng d
035 _a(Sirsi) u85421
041 _aeng
245 _aPrudential Assurance Co. Ltd. v Waterloo Real Estate Inc.
260 _c1998
350 _a0
490 _aNew Property Cases
_v[1998] NPC 55
520 _aChD 20 March 1998. Title to a short stretch of critically placed party wall is contested on `paper`, on adverse possession, proprietary estoppel and estoppel by convention. The victor takes one side of the wall by paper title and the other side by adverse possession. The claims based on estoppel are rejected. (Taken from headnote). NO PHOTOCOPYING ALLOWED.
650 _aBOUNDARY WALL
650 _aDEMOLITION
650 _aLOCAL DEVELOPMENT PLANS
650 _aESTOPPEL
650 _aHOTEL
650 _aParty walls
_96258
690 _aPROPERTY LAW AND PRACTICE-CASE LAW
942 _n0
948 _c03/04/1998
999 _c53716
_d53716